000 00517nam a22001817a 4500
005 20260424134823.0
008 260424b |||||||| |||| 00| 0 eng d
037 _cDSWL
040 _aDSWL
_cDSWL
041 _hHindi
100 _aदेवसरे, हरिकृष्ण
_91235683
245 _aWWW.घना जंगल.कॉम
260 _aNew Delhi,
_bNational Book Trust,
_c2014
300 _a55p
365 _aINR
_b70
942 _2CC
_cTEXL
_n0
999 _c1848520
_d1848520